Physical science. (Record no. 594482)

000 -LEADER
fixed length control field 01511cam a2200373 i 4500
001 - CONTROL NUMBER
control field 18843906
003 - CONTROL NUMBER IDENTIFIER
control field NUST
005 - DATE AND TIME OF LATEST TRANSACTION
control field 20230413082730.0
008 - FIXED-LENGTH DATA ELEMENTS--GENERAL INFORMATION
fixed length control field 151104s2017 nyua 001 0 eng
010 ## - LIBRARY OF CONGRESS CONTROL NUMBER
LC control number 2015043176
020 ## - INTERNATIONAL STANDARD BOOK NUMBER
International Standard Book Number 9780077862626 (pbk. : alk. paper)
020 ## - INTERNATIONAL STANDARD BOOK NUMBER
International Standard Book Number 0077862627 (pbk. : alk. paper)
040 ## - CATALOGING SOURCE
Original cataloging agency DLC
Language of cataloging eng
Transcribing agency DLC
Description conventions rda
Modifying agency DLC
042 ## - AUTHENTICATION CODE
Authentication code pcc
050 00 - LIBRARY OF CONGRESS CALL NUMBER
Classification number Q158.5
Item number .T55 2017
082 00 - DEWEY DECIMAL CLASSIFICATION NUMBER
Classification number 500.2
Edition number 23
Author Mark TIL
100 1# - MAIN ENTRY--PERSONAL NAME
Personal name Tillery, Bill W.
9 (RLIN) 56146
245 10 - TITLE STATEMENT
Title Physical science.
250 ## - EDITION STATEMENT
Edition statement Eleventh edition /
Remainder of edition statement Bill W. Tillery, Arizona State University, Stephanie J. Slater, Center for Astronomy & Physics Education Research, Timothy F. Slater, University of Wyoming.
264 #1 - PRODUCTION, PUBLICATION, DISTRIBUTION, MANUFACTURE, AND COPYRIGHT NOTICE
Place of production, publication, distribution, manufacture New York, NY :
Name of producer, publisher, distributor, manufacturer McGraw-Hill Education,
Date of production, publication, distribution, manufacture, or copyright notice [2017]
300 ## - PHYSICAL DESCRIPTION
Extent 1 volume (various pagings) :
Other physical details color illustrations ;
Dimensions 28 cm
336 ## - CONTENT TYPE
Content type term text
Source rdacontent
337 ## - MEDIA TYPE
Media type term unmediated
Source rdamedia
338 ## - CARRIER TYPE
Carrier type term volume
Source rdacarrier
500 ## - GENERAL NOTE
General note Includes index.
650 #0 - SUBJECT ADDED ENTRY--TOPICAL TERM
Topical term or geographic name entry element Physical sciences.
9 (RLIN) 101518
700 1# - ADDED ENTRY--PERSONAL NAME
Personal name Slater, Stephanie J.,
Relator term author.
9 (RLIN) 111842
700 1# - ADDED ENTRY--PERSONAL NAME
Personal name Slater, Timothy F.,
Relator term author.
9 (RLIN) 111843
856 42 - ELECTRONIC LOCATION AND ACCESS
Materials specified Publisher description
Uniform Resource Identifier <a href="http://www.loc.gov/catdir/enhancements/fy1606/2015043176-d.html">http://www.loc.gov/catdir/enhancements/fy1606/2015043176-d.html</a>
856 41 - ELECTRONIC LOCATION AND ACCESS
Materials specified Table of contents only
Uniform Resource Identifier <a href="http://www.loc.gov/catdir/enhancements/fy1606/2015043176-t.html">http://www.loc.gov/catdir/enhancements/fy1606/2015043176-t.html</a>
906 ## - LOCAL DATA ELEMENT F, LDF (RLIN)
a 7
b cbc
c orignew
d 1
e ecip
f 20
g y-gencatlg
942 ## - ADDED ENTRY ELEMENTS (KOHA)
Source of classification or shelving scheme
Koha item type Book
Holdings
Withdrawn status Lost status Source of classification or shelving scheme Damaged status Not for loan Permanent Location Current Location Date acquired Total Checkouts Full call number Barcode Date last seen Price effective from Koha item type
          School of Civil and Environmental Engineering (SCEE) School of Civil and Environmental Engineering (SCEE) 04/13/2023   500.2 TIL NIT-13667 04/13/2023 04/13/2023 Book
© 2023 Central Library, National University of Sciences and Technology. All Rights Reserved.